[Event "CFriend AC-2003-S-00004 email"]
[Site "Chessfriend.com"]
[Date "2004.12.01"]
[Round "1"]
[White "Gutsche, Dieter"]
[Black "Stephan, Ulrich"]
[Result "0-1"]
[WhiteElo "2617"]
[BlackElo "2442"]
[PlyCount "82"]
[EventDate "2004.??.??"]
[EventType "tourn (corr)"]
[EventRounds "6"]
[SourceTitle "Corr 2008"]
[Source "ChessBase"]
[SourceDate "2008.06.24"]
[SourceVersion "1"]
[SourceVersionDate "2008.06.24"]
[SourceQuality "1"]

1. e4 c5 2. Nf3 Nc6 3. d4 cxd4 4. Nxd4 Nf6 5. Nc3 e5 6. Ndb5 d6 7. Bg5 a6 8. Na3 b5 9. Bxf6 gxf6 10. Nd5 f5 11. Bd3 Be6 12. c3 Bg7 13. Nxb5 axb5 14. Bxb5 Bd7 15. exf5 Nb8 16. a4 0-0 17. 0-0 Bxb5 18. axb5 Rxa1 19. Qxa1 Nd7 20. Qa7 e4 21. Re1 Re8 22. b6 Nf6 23. Nb4 Nd7 24. b7 Qg5 25. Nc6 Qd2 26. Rf1 e3 27. fxe3 Bh6 28. Qa8 Bxe3+ 29. Kh1 Kf8 30. b8Q Nxb8 31. Nxb8 Kg7 32. f6+ Kh8 33. Ra1 h5 34. Qf3 Bh6 35. g3 Qxb2 36. Rd1 Qc2 37. Qxh5 Kg8 38. Rf1 Qe4+ 39. Qf3 Qxf3+ 40. Rxf3 Rxb8 41. h4 Kh7 0-1

[Event "AC-2003-S-00004"]
[Site "Chessfriend.com"]
[Date "2004.12.01"]
[Round "1"]
[White "Gutsche, Dieter"]
[Black "Terreaux, Gilles"]
[Result "1/2-1/2"]
[WhiteElo "2617"]
[BlackElo "2316"]
[PlyCount "74"]
[EventDate "2004.??.??"]
[EventType "tourn (corr)"]
[SourceTitle "Corr 2024"]
[Source "ChessBase"]
[SourceDate "2023.10.19"]
[SourceVersion "1"]
[SourceVersionDate "2023.10.19"]
[SourceQuality "1"]

1. e4 c5 2. Nf3 d6 3. d4 cxd4 4. Nxd4 Nf6 5. Nc3 a6 6. f3 e5 7. Nb3 Be6 8. Be3 Nbd7 9. g4 b5 10. g5 b4 11. Ne2 Nh5 12. Qd2 a5 13. Ng3 Nxg3 14. hxg3 a4 15. Nc1 Qa5 16. f4 Nc5 17. Bg2 a3 18. b3 Rc8 19. f5 Bd7 20. g6 fxg6 21. fxg6 h6 22. 0-0 Be6 23. Nd3 Nxd3 24. cxd3 Be7 25. d4 Rc3 26. d5 Bg4 27. Rf7 Bd8 28. Rb7 Qa6 29. Rb8 0-0 30. Rf1 Bf6 31. Rxb4 Rd3 32. Qc1 Qc8 33. Qxc8 Rxc8 34. Bxh6 gxh6 35. Rxf6 Rd1+ 36. Kh2 Rd2 37. Rf7 Rxa2 1/2-1/2

[Event "AC-2003-S-00004"]
[Site "Chessfriend.com"]
[Date "2004.12.01"]
[Round "1"]
[White "Solodovnichenko, Yuri"]
[Black "Gutsche, Dieter"]
[Result "1/2-1/2"]
[WhiteElo "2501"]
[BlackElo "2617"]
[PlyCount "49"]
[EventDate "2004.??.??"]
[EventType "tourn (corr)"]
[SourceTitle "Corr 2024"]
[Source "ChessBase"]
[SourceDate "2023.10.19"]
[SourceVersion "1"]
[SourceVersionDate "2023.10.19"]
[SourceQuality "1"]

1. e4 c5 2. Nf3 Nc6 3. Nc3 e5 4. Bc4 d6 5. d3 Be7 6. 0-0 Nf6 7. Ng5 0-0 8. f4 Bg4 9. Qe1 exf4 10. Bxf4 Nd4 11. Qd2 Qd7 12. Be3 h6 13. Nf3 b5 14. Bxd4 bxc4 15. Bxf6 Bxf6 16. dxc4 Qe6 17. Nd5 Bxb2 18. Rab1 Bxf3 19. gxf3 Bd4+ 20. Kh1 Rab8 21. Rb3 g5 22. c3 Bg7 23. Qg2 Rxb3 24. axb3 f5 25. Re1 1/2-1/2

[Event "CFriend AR-2003-F-00001 email"]
[Site "Chessfriend.com"]
[Date "2004.05.07"]
[Round "1"]
[White "Gutsche, Dieter"]
[Black "Hamarat, Tunc"]
[Result "1/2-1/2"]
[WhiteElo "2639"]
[BlackElo "2430"]
[PlyCount "69"]
[EventDate "2004.??.??"]
[EventType "tourn (corr)"]
[EventRounds "12"]
[SourceTitle "Corr 2008"]
[Source "ChessBase"]
[SourceDate "2008.06.24"]
[SourceVersion "1"]
[SourceVersionDate "2008.06.24"]
[SourceQuality "1"]

1. e4 c5 2. Nf3 Nc6 3. d4 cxd4 4. Nxd4 Nf6 5. Nc3 e5 6. Ndb5 d6 7. Bg5 a6 8. Na3 b5 9. Bxf6 gxf6 10. Nd5 f5 11. Bd3 Be6 12. c3 Bg7 13. Nxb5 axb5 14. Bxb5 Bd7 15. exf5 Nb8 16. Bd3 Ra5 17. Be4 Qh4 18. Qf3 Ra4 19. b4 Ra3 20. f6 Bh6 21. 0-0 0-0 22. g3 Qg4 23. Rfd1 Qxf3 24. Bxf3 Be6 25. Ne7+ Kh8 26. Bd5 Nd7 27. Bxe6 fxe6 28. Rxd6 Nxf6 29. b5 Ne4 30. Rxe6 Bd2 31. b6 Bxc3 32. Rb1 Nd2 33. b7 Nxb1 34. Nc8 Rxa2 35. b8Q 1/2-1/2

[Event "CFriend AR-2003-Q-00006 email"]
[Site "Chessfriend.com"]
[Date "2003.12.03"]
[Round "1"]
[White "Billaudelle, Frank"]
[Black "Gutsche, Dieter"]
[Result "1/2-1/2"]
[WhiteElo "2354"]
[BlackElo "2639"]
[PlyCount "68"]
[EventDate "2003.??.??"]
[EventType "tourn (corr)"]
[EventRounds "12"]
[SourceTitle "Corr 2008"]
[Source "ChessBase"]
[SourceDate "2008.06.24"]
[SourceVersion "1"]
[SourceVersionDate "2008.06.24"]
[SourceQuality "1"]

1. Nf3 Nf6 2. d4 e6 3. c4 b6 4. a3 Ba6 5. Qc2 d5 6. cxd5 exd5 7. g3 c6 8. Bf4 Bd6 9. Bxd6 Qxd6 10. Bg2 0-0 11. 0-0 Ne4 12. Rd1 Nd7 13. e3 f5 14. Nc3 Bb7 15. Rac1 a5 16. Ne1 Rac8 17. Qb3 Kh8 18. Nd3 Ba6 19. Qa2 Bc4 20. b3 Bxd3 21. Rxd3 b5 22. Qb2 g5 23. Nxe4 fxe4 24. Rdc3 Rc7 25. Bf1 b4 26. axb4 axb4 27. R3c2 Nb8 28. Ra1 h5 29. Qc1 g4 30. Ra8 Rcf7 31. Qe1 Rb7 32. Qa1 Rbf7 33. Qe1 Rb7 34. Qa1 Rbf7 1/2-1/2

[Event "CFriend AR-2003-Q-00006 email"]
[Site "Chessfriend.com"]
[Date "2003.12.03"]
[Round "1"]
[White "Gutsche, Dieter"]
[Black "Ruijgrok, Dennis"]
[Result "1/2-1/2"]
[WhiteElo "2639"]
[BlackElo "1965"]
[PlyCount "53"]
[EventDate "2003.??.??"]
[EventType "tourn (corr)"]
[EventRounds "12"]
[SourceTitle "Corr 2008"]
[Source "ChessBase"]
[SourceDate "2008.06.24"]
[SourceVersion "1"]
[SourceVersionDate "2008.06.24"]
[SourceQuality "1"]

1. e4 c5 2. Nf3 Nc6 3. d4 cxd4 4. Nxd4 Nf6 5. Nc3 e5 6. Ndb5 d6 7. Nd5 Nxd5 8. exd5 Nb8 9. c4 Be7 10. Bd3 a6 11. Nc3 0-0 12. 0-0 f5 13. f3 Nd7 14. Kh1 Bg5 15. b4 b6 16. Qc2 Qf6 17. Bxg5 Qxg5 18. Rae1 Ra7 19. Na4 Qf6 20. a3 Rb7 21. g4 e4 22. fxe4 f4 23. c5 bxc5 24. Bxa6 Rc7 25. Bxc8 Rfxc8 26. bxc5 Nxc5 27. Nxc5 1/2-1/2

[Event "CFriend AR-2003-Q-00006 email"]
[Site "Chessfriend.com"]
[Date "2003.12.03"]
[Round "1"]
[White "Massimini Gerbino, Massimiliano"]
[Black "Gutsche, Dieter"]
[Result "0-1"]
[WhiteElo "2388"]
[BlackElo "2639"]
[PlyCount "96"]
[EventDate "2003.??.??"]
[EventType "tourn (corr)"]
[EventRounds "12"]
[SourceTitle "Corr 2008"]
[Source "ChessBase"]
[SourceDate "2008.06.24"]
[SourceVersion "1"]
[SourceVersionDate "2008.06.24"]
[SourceQuality "1"]

1. d4 Nf6 2. c4 e6 3. g3 d5 4. Bg2 dxc4 5. Qa4+ Nbd7 6. Qxc4 c5 7. Nf3 a6 8. 0-0 b5 9. Qc2 Bb7 10. dxc5 Bxc5 11. a3 Rc8 12. Nc3 0-0 13. Bg5 h6 14. Bxf6 Nxf6 15. e3 Rc7 16. Qe2 Qa8 17. Rfc1 Rfc8 18. Nd1 Ne4 19. Ne1 Be7 20. Rxc7 Rxc7 21. f3 Nd6 22. f4 Bxg2 23. Qxg2 Qxg2+ 24. Kxg2 Nc4 25. a4 Rd7 26. axb5 axb5 27. Nf2 Nxe3+ 28. Kf3 Nc4 29. Ra8+ Rd8 30. Rxd8+ Bxd8 31. Nc2 Bf6 32. b4 Kf8 33. Ke2 Ke7 34. Kd3 Kd7 35. Nd4 Bxd4 36. Kxd4 Kc6 37. Nd3 Kd6 38. Nc5 Nb6 39. Nb7+ Kc7 40. Na5 Nd7 41. Nb3 Kd6 42. Kc3 Nf6 43. Nd4 Nd5+ 44. Kd2 Nc7 45. Kd3 f5 46. h4 g6 47. Nf3 Nd5 48. Nd4 Nxb4+ 0-1

[Event "CFriend AR-2003-Q-00006 email"]
[Site "Chessfriend.com"]
[Date "2003.12.03"]
[Round "1"]
[White "St Amour, Philippe"]
[Black "Gutsche, Dieter"]
[Result "0-1"]
[WhiteElo "2121"]
[BlackElo "2639"]
[PlyCount "76"]
[EventDate "2003.??.??"]
[EventType "tourn (corr)"]
[EventRounds "12"]
[SourceTitle "Corr 2008"]
[Source "ChessBase"]
[SourceDate "2008.06.24"]
[SourceVersion "1"]
[SourceVersionDate "2008.06.24"]
[SourceQuality "1"]

1. e4 c5 2. Nf3 d6 3. d4 cxd4 4. Nxd4 Nf6 5. Nc3 a6 6. Be3 e5 7. Nf3 Be7 8. Bc4 0-0 9. 0-0 Be6 10. Qd3 b5 11. Bxe6 fxe6 12. a3 Nc6 13. Rad1 Qd7 14. a4 b4 15. Ne2 d5 16. Ng5 d4 17. Bc1 h6 18. Nf3 Qc8 19. Nd2 Bc5 20. Kh1 Ra7 21. Nb3 Bb6 22. Ng1 Raf7 23. Nf3 a5 24. Bd2 Rd8 25. Rde1 Qc7 26. Qb5 Rb8 27. Kg1 g5 28. h3 Rd7 29. Rc1 Rg7 30. Qc4 Qd7 31. Qd3 g4 32. hxg4 Rxg4 33. Rce1 Kh7 34. g3 Rbg8 35. Qb5 Qg7 36. Kh1 Nh5 37. Qxc6 Qf6 38. Ng5+ hxg5 0-1

[Event "CFriend AC-2003-Q-00003 email"]
[Site "Chessfriend.com"]
[Date "2003.07.01"]
[Round "?"]
[White "Harding, Timothy David"]
[Black "Gutsche, Dieter"]
[Result "0-1"]
[WhiteElo "2080"]
[BlackElo "2497"]
[PlyCount "82"]
[EventDate "2003.07.01"]
[EventType "tourn (corr)"]
[EventRounds "10"]
[SourceTitle "Corr 2008"]
[Source "ChessBase"]
[SourceDate "2008.06.24"]
[SourceVersion "1"]
[SourceVersionDate "2008.06.24"]
[SourceQuality "1"]

1. d4 d5 2. c4 c6 3. Nc3 Nf6 4. Nf3 a6 5. Ne5 Nbd7 6. g3 e6 7. Bg2 Nxe5 8. dxe5 Nd7 9. cxd5 exd5 10. f4 Bc5 11. e4 d4 12. Nb1 0-0 13. 0-0 a5 14. Nd2 b5 15. Kh1 a4 16. e6 fxe6 17. e5 Ba6 18. Ne4 b4 19. Re1 Bb5 20. Qg4 Rf5 21. Qd1 Qe8 22. Bd2 Be7 23. Bh3 c5 24. Bxb4 cxb4 25. Bxf5 exf5 26. Nd6 Bxd6 27. exd6 Bc6+ 28. Kg1 Be4 29. Qxd4 Qh5 30. Qc4+ Kh8 31. Rac1 h6 32. Qe2 Qf7 33. Qc4 Qf6 34. Qxb4 Rb8 35. Qc3 Qxd6 36. Red1 Qe6 37. Qc4 Qe8 38. Rd6 Nf6 39. b3 axb3 40. axb3 Bd5 41. Qd4 Qe2 0-1

[Event "CFriend AC-2003-Q-00003 email"]
[Site "Chessfriend.com"]
[Date "2003.07.01"]
[Round "?"]
[White "Thurlow, Kevin J"]
[Black "Gutsche, Dieter"]
[Result "0-1"]
[WhiteElo "2218"]
[BlackElo "2568"]
[PlyCount "88"]
[EventDate "2003.07.01"]
[EventType "tourn (corr)"]
[EventRounds "10"]
[SourceTitle "Corr 2008"]
[Source "ChessBase"]
[SourceDate "2008.06.24"]
[SourceVersion "1"]
[SourceVersionDate "2008.06.24"]
[SourceQuality "1"]

1. e4 c5 2. Nf3 Nc6 3. d4 cxd4 4. Nxd4 Nf6 5. Nc3 e5 6. Ndb5 d6 7. Bg5 a6 8. Bxf6 gxf6 9. Na3 f5 10. Bc4 Qg5 11. Qf3 Nd4 12. Qg3 Qxg3 13. hxg3 b5 14. Bd5 Ra7 15. Ne2 fxe4 16. Rd1 Nxe2 17. Kxe2 f5 18. c3 Rc7 19. Nc2 h5 20. Ne3 Rh6 21. a3 Rch7 22. Rh2 h4 23. gxh4 Rxh4 24. Rxh4 Rxh4 25. Rg1 Kd8 26. g3 Rh2 27. g4 f4 28. Nf5 e3 29. Rg2 Rxg2 30. Bxg2 exf2 31. Bd5 Be7 32. Kxf2 Bf6 33. Kf3 Kc7 34. b3 Bd7 35. Ke4 Bc6 36. c4 bxc4 37. bxc4 Ba4 38. Kd3 Bd1 39. Nh6 f3 40. Nf5 f2 41. Ne3 Bg5 42. Bg2 Bxe3 43. Kxe3 Bxg4 44. Kxf2 Be6 0-1

[Event "CFC AC-2003-Q-00003 corr"]
[Site "CFC"]
[Date "2003.07.01"]
[Round "1"]
[White "Umansky, Mikhail"]
[Black "Gutsche, Dieter"]
[Result "1-0"]
[WhiteElo "2528"]
[BlackElo "2617"]
[PlyCount "119"]
[EventDate "2003.07.01"]
[EventType "tourn (corr)"]
[SourceTitle "Corr 2024"]
[Source "ChessBase"]
[SourceDate "2023.10.19"]
[SourceVersion "1"]
[SourceVersionDate "2023.10.19"]
[SourceQuality "1"]

1. d4 d5 2. c4 c6 3. Nf3 Nf6 4. Nc3 a6 5. Bg5 Ne4 6. e3 Nxg5 7. Nxg5 e5 8. h4 h6 9. Nf3 e4 10. Ne5 Be6 11. Qb3 b5 12. cxd5 Bxd5 13. Nxd5 Qxd5 14. Rc1 Qxb3 15. axb3 Bd6 16. g4 Ke7 17. Bg2 Bxe5 18. dxe5 Nd7 19. Bxe4 Nxe5 20. Rg1 Rad8 21. Ke2 Rd6 22. f4 Nd7 23. Bxc6 Nf6 24. g5 hxg5 25. hxg5 Nd5 26. Bxd5 Rxd5 27. Rc7+ Rd7 28. Rxd7+ Kxd7 29. Kd3 Rd8 30. Rc1 Ke7+ 31. Ke2 Rd6 32. Rc7+ Ke8 33. e4 Rd4 34. Ke3 Rb4 35. g6 Rxb3+ 36. Kd4 fxg6 37. Rxg7 Rxb2 38. Rxg6 a5 39. Ra6 Ra2 40. f5 b4 41. e5 b3 42. Kd5 Kd7 43. Ra7+ Kc8 44. e6 Kb8 45. Rg7 Rd2+ 46. Kc6 Rc2+ 47. Kd6 Rd2+ 48. Ke7 b2 49. Rg1 Rg2 50. Rb1 a4 51. f6 a3 52. f7 Rf2 53. f8Q+ Rxf8 54. Kxf8 Ka7 55. e7 a2 56. Re1 b1Q 57. e8Q a1Q 58. Qd7+ Ka6 59. Qc6+ Ka5 60. Qa8+ 1-0

[Event "CFriend AM-2003-0-00005 email"]
[Site "Chessfriend.com"]
[Date "2003.05.05"]
[Round "1"]
[White "Gutsche, Dieter"]
[Black "Claridge, John Bleddyn"]
[Result "1-0"]
[WhiteElo "2568"]
[BlackElo "2381"]
[PlyCount "43"]
[EventDate "2003.??.??"]
[EventType "tourn (corr)"]
[EventRounds "6"]
[SourceTitle "Corr 2008"]
[Source "ChessBase"]
[SourceDate "2008.06.24"]
[SourceVersion "1"]
[SourceVersionDate "2008.06.24"]
[SourceQuality "1"]

1. e4 c5 2. Nf3 d6 3. d4 cxd4 4. Nxd4 Nf6 5. Nc3 a6 6. f3 e6 7. Be3 b5 8. Qd2 Nbd7 9. g4 Nb6 10. Qf2 Nfd7 11. 0-0-0 Bb7 12. Kb1 Rc8 13. Nce2 Nc4 14. Bc1 b4 15. Ng3 d5 16. exd5 Bxd5 17. Bxc4 Rxc4 18. Nh5 Qa5 19. Nb3 Qb5 20. Rhe1 h6 21. Nf4 Nf6 22. Nxd5 1-0

[Event "CFriend AM-2003-0-00005 email"]
[Site "Chessfriend.com"]
[Date "2003.05.05"]
[Round "1"]
[White "Mikhalevski, Victor"]
[Black "Gutsche, Dieter"]
[Result "0-1"]
[WhiteElo "2536"]
[BlackElo "2568"]
[PlyCount "94"]
[EventDate "2003.??.??"]
[EventType "tourn (corr)"]
[EventRounds "6"]
[SourceTitle "Corr 2008"]
[Source "ChessBase"]
[SourceDate "2008.06.24"]
[SourceVersion "1"]
[SourceVersionDate "2008.06.24"]
[SourceQuality "1"]

1. d4 Nf6 2. Bg5 Ne4 3. Bf4 c5 4. f3 Qa5+ 5. c3 Nf6 6. d5 Qb6 7. Bc1 g6 8. Nh3 d6 9. Nf2 e6 10. e4 Bg7 11. c4 0-0 12. Nc3 Na6 13. Be2 exd5 14. cxd5 Ne8 15. 0-0 f5 16. Bc4 Bd7 17. a3 Nf6 18. Rb1 fxe4 19. Ncxe4 Nxe4 20. Nxe4 Qc7 21. b4 b5 22. Be2 c4 23. Be3 Rae8 24. Qc2 Nb8 25. g4 Bc8 26. Rbd1 Nd7 27. a4 a6 28. axb5 axb5 29. Qc1 Bb7 30. Ng5 Nf6 31. Ne6 Rxe6 32. dxe6 Nd5 33. Rf2 Qe7 34. Bd4 Nf4 35. Bf1 Bh6 36. Qa3 Bg5 37. Qa5 Bh4 38. Re1 Bxf2+ 39. Bxf2 Bxf3 40. Qxb5 Bd5 41. h4 Qf6 42. Qb6 Nd3 43. e7 Re8 44. Bxd3 Qf3 45. Re4 Bxe4 46. Bxe4 Qxe4 47. Qxd6 c3 0-1

[Event "CFriend AM-2003-0-00003 email"]
[Site "Chessfriend.com"]
[Date "2003.04.09"]
[Round "1"]
[White "Anda, Hakon"]
[Black "Gutsche, Dieter"]
[Result "0-1"]
[WhiteElo "2154"]
[BlackElo "2497"]
[PlyCount "70"]
[EventDate "2003.??.??"]
[EventType "tourn (corr)"]
[EventRounds "6"]
[SourceTitle "Corr 2008"]
[Source "ChessBase"]
[SourceDate "2008.06.24"]
[SourceVersion "1"]
[SourceVersionDate "2008.06.24"]
[SourceQuality "1"]

1. Nc3 d5 2. f4 d4 3. Ne4 Nf6 4. Nf2 Bf5 5. c3 c5 6. Nf3 Nc6 7. g3 e6 8. Bg2 Be7 9. 0-0 Ng4 10. Nxg4 Bxg4 11. Ne5 Nxe5 12. fxe5 Qd7 13. cxd4 cxd4 14. d3 Rc8 15. h3 Bh5 16. g4 Bg6 17. Bf4 0-0 18. e4 dxe3 19. Bxe3 Qb5 20. d4 Qxb2 21. Qb3 Ba3 22. Qxb7 Bd3 23. Rfe1 a5 24. g5 Bb4 25. Red1 Qa3 26. Qf3 Bc2 27. Rf1 Bc3 28. Rac1 Bb2 29. Rce1 Qxa2 30. h4 Qc4 31. Qf4 a4 32. h5 a3 33. h6 a2 34. Qf2 Qa6 35. hxg7 Kxg7 0-1

[Event "CFriend AM-2003-0-00002 email"]
[Site "Chessfriend.com"]
[Date "2003.03.27"]
[Round "1"]
[White "Petrovic, Djordje R"]
[Black "Gutsche, Dieter"]
[Result "1/2-1/2"]
[WhiteElo "2367"]
[BlackElo "2490"]
[PlyCount "63"]
[EventDate "2003.??.??"]
[EventType "tourn (corr)"]
[EventRounds "6"]
[SourceTitle "Corr 2008"]
[Source "ChessBase"]
[SourceDate "2008.06.24"]
[SourceVersion "1"]
[SourceVersionDate "2008.06.24"]
[SourceQuality "1"]

1. e4 e5 2. Nf3 Nc6 3. Bb5 a6 4. Ba4 Nf6 5. 0-0 b5 6. Bb3 Bc5 7. a4 Bb7 8. d3 0-0 9. Nc3 Na5 10. axb5 Nxb3 11. cxb3 axb5 12. Rxa8 Bxa8 13. Nxe5 d5 14. Bg5 dxe4 15. dxe4 Qxd1 16. Rxd1 b4 17. Bxf6 bxc3 18. bxc3 gxf6 19. Nd7 Bd6 20. Nxf8 Kxf8 21. f3 h5 22. h4 Bc6 23. Kf2 Kg7 24. c4 Kg6 25. Ra1 Bd7 26. Ra5 Bb4 27. Ra6 c5 28. Ke3 Bc3 29. Rd6 Be6 30. Kd3 Be1 31. Rc6 Bb4 32. Ke3 1/2-1/2

[Event "CFriend AM-2003-0-00002 email"]
[Site "Chessfriend.com"]
[Date "2003.03.27"]
[Round "1"]
[White "Volkov, Sergey Yakovlevich"]
[Black "Gutsche, Dieter"]
[Result "0-1"]
[WhiteElo "2627"]
[BlackElo "2490"]
[PlyCount "48"]
[EventDate "2003.??.??"]
[EventType "tourn (corr)"]
[EventRounds "6"]
[SourceTitle "Corr 2008"]
[Source "ChessBase"]
[SourceDate "2008.06.24"]
[SourceVersion "1"]
[SourceVersionDate "2008.06.24"]
[SourceQuality "1"]

1. d4 Nf6 2. c4 e6 3. Nc3 Bb4 4. e3 0-0 5. Nge2 d5 6. a3 Be7 7. cxd5 exd5 8. g3 Nbd7 9. Bg2 Nb6 10. 0-0 Re8 11. Kh1 Bf5 12. f3 c5 13. g4 Bd7 14. Ng3 cxd4 15. exd4 h6 16. Qd3 Rc8 17. Nf5 Bf8 18. g5 hxg5 19. Bxg5 Nc4 20. Rf2 Qb6 21. Rb1 Nh7 22. Nxd5 Bxf5 23. Qxf5 Qxd4 24. Qd3 Re1+ 0-1